| 000 | 01021nam a2200241 i 4500 | ||
|---|---|---|---|
| 001 | 55423 | ||
| 003 | ES-MaACL | ||
| 005 | 20230906163137.0 | ||
| 007 | t| | ||
| 008 | 030919s1968 sp ||||1| spa d | ||
| 080 | _a27:316.77 | ||
| 245 | 0 | 3 |
_aEl derecho a la verdad _b: doctrina de la Iglesia sobre prensa, radio y televisión : (1831-1968) / _cedición preparada, con introducción a la moral, teología e historia del magisterio pontificio sobre comunicaciones sociales, por Jesús Iribarren. |
| 260 |
_aMadrid : _b[La Editorial Católica], _c1968. |
||
| 300 |
_a86, 504, [11] p. ; _c18 cm. |
||
| 490 | 1 |
_aBiblioteca de autores cristianos. Ediciones de bolsillo ; _v3 |
|
| 500 | _aÍndice. | ||
| 650 | 0 | 4 |
_aMedios de comunicación social- _xAspectos religiosos. _914967 |
| 700 | 1 |
_aIribarren, Jesús. _965453 |
|
| 830 | 0 |
_aBiblioteca de autores cristianos. Ediciones de bolsillo ; _v3 _9182549 |
|
| 852 |
_aES-MaACL _jC-34855 _bR.66257 |
||
| 852 |
_aES-MaACL _jE-13471 _xOlim P-1255 |
||
| 999 |
_c55423 _d55423 |
||